| 000 | 00370nam a2200145 a 4500 | ||
|---|---|---|---|
| 001 | 3015 | ||
| 003 | CDMR | ||
| 005 | 20130326114043.0 | ||
| 008 | 130130s1997||||||||||||||||||||||||||||d | ||
| 040 |
_aCDMR _bcat _cCPC LLEIDA |
||
| 100 | 1 |
_aVicedo, Enric _92216 |
|
| 245 | 1 | 0 |
_aPagesos i hortolans _cVICEDO, Enric |
| 260 |
_aLleida _c1997 _bAjuntament de Lleida |
||
| 942 |
_cMON _2udc |
||
| 999 |
_c3015 _d3015 |
||